000 00670nam a22002417a 4500
001 31562
003 UA-OsUOA
005 20210917211506.0
007 ta
008 20041224b un ||||| |||| 00| 0 ukr d
020 _a5-89329-015-1
040 _aUA-OsUOA
_brus
_cUA-OsUOA
_dUA-OsUOA
041 _arus
044 _aRU
080 _a94(38)
090 _a94(38)
_bС97
245 _aСуд над Сократом
_bсборник исторических свидетельств
_cсост. А. В. Кургатников
260 _aСанкт-Петербугр
_bАлетейя
_c1997
300 _a260 с.
650 7 _2UDC
942 _cBK
_2udc
955 _a0
999 _c317991
_d317991